Catálogo - Centro de Recursos para el Aprendizaje y la Investigación
Volver al Sitio - CRAI Biblioteca| 000 -CABECERA | |
|---|---|
| campo de control de longitud fija | 01689nam a2200277 4500 |
| 001 - NÚMERO DE CONTROL | |
| campo de control | 113814 |
| 003 - IDENTIFICADOR DEL NÚMERO DE CONTROL | |
| campo de control | DR-UNIBE |
| 005 - FECHA Y HORA DE LA ÚLTIMA TRANSACCIÓN | |
| campo de control | 20250702103630.0 |
| 008 - DATOS DE LONGITUD FIJA--INFORMACIÓN GENERAL | |
| campo de control de longitud fija | 250702b2017 dr ||||| |||| 00| 0 spa d |
| 020 ## - NÚMERO INTERNACIONAL ESTÁNDAR DEL LIBRO | |
| Número Internacional Estándar del Libro | 9789945468663 |
| 040 ## - FUENTE DE LA CATALOGACIÓN | |
| Centro catalogador/agencia de origen | BIBLIOTECA UNIBE |
| Lengua de catalogación | spa |
| Centro/agencia transcriptor | BIBLIOTECA UNIBE |
| Normas de descripción | rda |
| 041 ## - CÓDIGO DE LENGUA | |
| Código de lengua del texto/banda sonora o título independiente | spa |
| 082 ## - NÚMERO DE LA CLASIFICACIÓN DECIMAL DEWEY | |
| Número de edición | 22 |
| Número de clasificación | RD 707 L816e |
| 100 10 - ENTRADA PRINCIPAL--NOMBRE DE PERSONA | |
| Nombre de persona | Lockhart, María Soledad |
| 9 (RLIN) | 196873 |
| Término indicativo de función/relación | autor |
| 245 10 - MENCIÓN DE TÍTULO | |
| Título | Educación artística 1 : |
| Resto del título | por una educación de calidad, avancemos ahora / |
| Mención de responsabilidad, etc. | María Soledad Lockhart |
| 260 ## - PUBLICACIÓN, DISTRIBUCIÓN, ETC. | |
| Lugar de publicación, distribución, etc. | Santo Domingo : |
| Nombre del editor, distribuidor, etc. | Minsiterio de Educación (MINERD), |
| Fecha de publicación, distribución, etc. | 2017 |
| 300 ## - DESCRIPCIÓN FÍSICA | |
| Extensión | 152 páginas : |
| Otras características físicas | ilustraciones a color ; |
| Dimensiones | 27 x 21 cm |
| 500 ## - NOTA GENERAL | |
| Nota general | Se leen los nombre de los colabores pertenecientes a la Dirección de Medios Educativos en la contraportada principal |
| 505 ## - NOTA DE CONTENIDO CON FORMATO | |
| Nota de contenido con formato | Presentación |<br/>Introducción |<br/>Unidad 1. Juega conmigo |<br/>Unidad 2. Soy único, soy unica |<br/>Unidad 3. Angelita y Popi visitan a Tata, la vaca |<br/>Unidad 4. El escondido |<br/>Unidad 5. El espejo |<br/>Unidad 6. La forma escondida, ¿qué será? |<br/>Unidad 7. La gallinita ciega |<br/>Unidad 8. La navidad |<br/>Unidad 9. Angelita y Popi viajan al espacio |<br/>Unidad 10. Roba la gallina |<br/>Unidad 11. Observa |<br/>Unidad 12. El juego de las especies protegidas |<br/>Unidad 13. El tesoro escondido |<br/>Unidad 14. Los títeres hacen T.V. |
| 650 #7 - PUNTO DE ACCESO ADICIONAL DE MATERIA--TÉRMINO DE MATERIA | |
| Fuente del encabezamiento o término | lemb |
| Término de materia o nombre geográfico como elemento de entrada | Arte |
| Subdivisión de forma | Libros de texto |
| Subdivisión general | Enseñanza |
| -- | Educación primaria |
| Subdivisión geográfica | República Dominicana |
| 9 (RLIN) | 196880 |
| 700 10 - PUNTO DE ACCESO ADICIONAL--NOMBRE DE PERSONA | |
| Nombre de persona | Molinaza, José |
| 9 (RLIN) | 95643 |
| Término indicativo de función/relación | coordinador |
| 700 10 - PUNTO DE ACCESO ADICIONAL--NOMBRE DE PERSONA | |
| Nombre de persona | Camejo, Marcia José |
| 9 (RLIN) | 196875 |
| Término indicativo de función/relación | diseñador |
| -- | diagramador |
| 700 10 - PUNTO DE ACCESO ADICIONAL--NOMBRE DE PERSONA | |
| Nombre de persona | Reyes Guzmán, Luis E. |
| 9 (RLIN) | 196876 |
| Término indicativo de función/relación | ilustrador |
| 700 10 - PUNTO DE ACCESO ADICIONAL--NOMBRE DE PERSONA | |
| Nombre de persona | Sagiovanni, Carlos |
| 9 (RLIN) | 196877 |
| Término indicativo de función/relación | dsieñador de portada |
| 942 ## - ELEMENTOS DE PUNTO DE ACCESO ADICIONAL (KOHA) | |
| Fuente del sistema de clasificación o colocación | Sistema de Clasificación Decimal Dewey |
| Tipo de ítem Koha | Libro (general) |
| Estado de retiro | Estado de pérdida | Fuente del sistema de clasificación o colocación | No para préstamo | Código de colección | Localización permanente | Fecha de adquisición | Total de préstamos | Signatura topográfica completa | Código de barras | Fecha visto por última vez | Número de copia | Precio válido a partir de | Tipo de ítem Koha |
|---|---|---|---|---|---|---|---|---|---|---|---|---|---|
| Disponible | Sistema de Clasificación Decimal Dewey | General - Libros dominicanos | Biblioteca Central UNIBE | 10/06/2025 | RD 707 L816e | 250703 | 02/07/2025 | Ej. 1 | 02/07/2025 | Libro (general) |